LEADER 00981nam a2200241 a 4500 001 000000154180 003 CaOOAMICUS 005 20160922154921.0 008 160922s1981 it 000 u ita r 032 $aLibriCat 040 $aPUL$bita 100 1 $aMinguzzi, Italo Giorgio.$0(OLS)http://pul/name/98122 245 10$aLezioni sui contratti commerciali /$cItalo Giorgio Minguzzi. 260 $aRimini :$bMaggioli,$c©1981. 300 $a195 p. ;$c24 cm. 650 4$aDiritto commerciale$zItalia$xManuali.$0(OLS)http://pul/subject/20113 650 4$aDiritto privato$zItalia$vManuali, trattati, ecc.$0(OLS)http://pul/subject/25157 850 $aPUL 852 $aPUL$W1$xDP1 Fondo G. Barberini$y122$m4 F 46$j177236$qFondi$B180203$CPULBib$Z2$F180203 $HBar1460 $81 941 1 $a1 996 $6245$aLezioni sui contratti commerciali$9(OLS)http://pul/title/193771 996 $6260$aRimini :$bMaggioli$9(OLS)http://pul/publisher/54626 LEADER 01308nam a2200337 a 4500 001 000000148873 003 CaOOAMICUS 005 20160127125544.0 008 160127s2010 it u000 u ita r 020 $a978-88-308-1026-6* 032 $aLibriCat 040 $aPUL$bita 082 04$a261.8 100 1 $aCereti, Giovanni.$0(OLS)http://pul/name/2567 245 10$aPagare le tasse : $bsolidarieà e condivisione /$cGiovanni Cereti. 260 $aAssisi :$bCittadella,$c©2010. 300 $a125 p. ;$c19 cm. 490 1 $aEtica e i giorni 650 4$aEconomia e morale.$0(OLS)http://pul/subject/4797 650 4$aEtica sociale.$0(OLS)http://pul/subject/548 830 0$aL'Etica e i giorni.$0(OLS)http://pul/title/151135 850 $aPUL 852 $aPUL$W1$xSL Religione 3$y85$m261. 8 CERGI 1$j171581$qDDC 21$B173062$CPULBib$Z2$F173062 $H126850 $81 941 1 $a9 960 $aEtica e economia$94797 960 $aEtica e economia$94797 996 $6020$a978-88-308-1026-6*$9(OLS)http://pul/number/159430 996 $6082$a261.8$9(OLS)http://pul/classification/367 996 $6245$aPagare le tasse : $bsolidarieà e condivisione$9(OLS)http://pul/title/187731 996 $6260$aAssisi :$bCittadella$9(OLS)http://pul/publisher/49668